|
|
|
|
| LEADER |
00994pam a22002418a 4500 |
| 001 |
00041864 |
| 008 |
111219s2001 ||||||Engsd |
| 005 |
20180808150835.0 |
| 020 |
# |
# |
|a 9783990458242
|
| 041 |
0 |
# |
|a Eng
|
| 082 |
1 |
4 |
|a 428
|b A104J
|
| 100 |
1 |
# |
|a Revell, Jane
|
| 245 |
1 |
0 |
|c Jane Revell, Mary Tomalin
|a American Jetstream
|p Student's book & Workbook
|n Pre-intermediate A
|
| 260 |
# |
# |
|a London
|b Helbling languages
|c 2016
|
| 300 |
# |
# |
|a 87; 43 p.
|b ill.
|c 30 cm.
|e 1 CD
|
| 653 |
# |
# |
|a Ngôn ngữ
|
| 653 |
# |
# |
|a Sách học sinh
|
| 653 |
# |
# |
|a Tiếng Anh
|
| 653 |
# |
# |
|a Tự học
|
| 700 |
1 |
# |
|a Tomalin, Mary
|
| 852 |
# |
# |
|j KGT.0053622
|j KGT.0053700
|j KGT.0053629
|j KGT.0053701
|j KGT.0053620
|j KD.0024639
|j KGT.0053621
|j KD.0024638
|j KGT.0053619
|j KGT.0053624
|j KD.0024631
|j KD.0024637
|j KGT.0053618
|j KGT.0053625
|j KGT.0053626
|j KD.0024636
|j KGT.0053627
|j KGT.0053623
|j KGT.0053628
|j KGT.0053617
|
| 910 |
|
|
|d 08/08/2018
|
| 980 |
# |
# |
|a Trung tâm Học liệu Lê Vũ Hùng, Trường Đại học Đồng Tháp
|